[Event "ACL-A005"]
[Site "www.playchess.de"]
[Date "2000.06.05"]
[Round "7"]
[White "Catalina"]
[Black "Ulf"]
[WhiteElo "1500"]
[BlackElo "1500"]
[PlyCount "47"]
[Result "1/2-1/2"]

1.e4 c5 2.Nf3 d6 3.d4 cxd4 4.Nxd4 Nf6 5.Nc3 a6 
6.Bg5 e6 7.f4 Nc6 8.e5 h6 9.Bh4 Nxd4 10.Qxd4 dxe5 
11.Qxd8+ Kxd8 12.fxe5 g5 13.Bxg5 hxg5 14.exf6 Bd7 
15.Ne4 g4 16.Rd1 Kc7 17.Rd4 g3 18.Nxg3 Bd6 19.Rg4 
Be5 20.c3 Bxf6 21.Rc4+ Bc6 22.Rf4 Rh6 23.Be2 Bxg2 
24.Rg1 1/2-1/2

[Event "ACL-A005"]
[Site "www.playchess.de"]
[Date "2000.06.11"]
[Round "10"]
[White "coolatul"]
[Black "Catalina"]
[WhiteElo "1500"]
[BlackElo "1500"]
[PlyCount "44"]
[Result "0-1"]

1.e4 c5 2.Nf3 d6 3.Nc3 a6 4.Be2 Nf6 5.O-O Nc6 6.a4 
e6 7.Re1 Be7 8.Bc4 d5 9.exd5 exd5 10.Bd3 Nb4 11.b3 
Nxd3 12.cxd3 d4 13.Ne4 Nxe4 14.dxe4 O-O 15.Qc2 Qd6 
16.Ba3 Bg4 17.Bxc5 Qxc5 18.Qxc5 Bxc5 19.Ne5 Be6 
20.Rac1 Bb4 21.Rc7 Bxd2 22.Rd1 
Bf4 0-1

[Event "ACL-A003"]
[Site "www.playchess.de"]
[Date "2000.06.15"]
[Round "7"]
[White "Gearloose"]
[Black "Webmann"]
[WhiteElo "1500"]
[BlackElo "1500"]
[PlyCount "80"]
[Result "0-1"]

1.e4 c5 2.a3 e6 3.b4 cxb4 4.axb4 Bxb4 5.c3 Be7 
6.d4 d5 7.e5 a5 8.Bd3 b6 9.Qg4 Bf8 10.Ne2 Ba6 
11.Bc2 Qc7 12.O-O Nc6 13.Na3 Nge7 14.Re1 Ng6 15.f4 
Be7 16.f5 exf5 17.Bxf5 h5 18.Qh3 Bxa3 19.Bxg6 Bxc1 
20.Qe6+ Kf8 21.Rf1 Nd8 22.Qxd5 Be3+ 23.Kh1 Bb7 
24.Qa2 Bxg2+ 25.Kxg2 Qc6+ 26.d5 Qxg6+ 27.Kf3 Qg5 
28.Ke4 Nb7 29.d6 Nc5+ 30.Kd5 Qg2+ 31.Kc4 b5+ 
32.Kxb5 Rb8+ 33.Kc4 Qe4+ 34.Nd4 Rb4+ 35.Kxc5 Bxd4+ 
36.cxd4 Qxd4+ 37.Kc6 Qb6+ 38.Kd7 Qa7+ 39.Kc6 Qb7+ 
40.Kc5 Qb5+ 0-1

[Event "HCL-B001"]
[Site "www.playchess.de"]
[Date "2000.06.26"]
[Round "1"]
[White "Sixty4"]
[Black "DirtyBird"]
[WhiteElo "1200"]
[BlackElo "1200"]
[PlyCount "35"]
[Result "1-0"]

1.f4 e6 2.b3 d5 3.Nf3 Qf6 4.Nc3 Qxf4 5.e3 Qf6 
6.Bd3 Bb4 7.Bb2 Nh6 8.O-O O-O 9.Qe1 Nc6 10.e4 Ng4 
11.Qg3 Bc5+ 12.Kh1 Nf2+ 13.Rxf2 Bxf2 14.Qxf2 Ne5 
15.Nxd5 exd5 16.Bxe5 Qc6 17.exd5 Qxd5 
18.Qh4 1-0

[Event "HCL-B001"]
[Site "www.playchess.de"]
[Date "2000.06.26"]
[Round "8"]
[White "DirtyBird"]
[Black "IBAC"]
[WhiteElo "1200"]
[BlackElo "1500"]
[PlyCount "64"]
[Result "0-1"]

1.e4 e6 2.Nf3 c5 3.Bd3 Qc7 4.Qe2 Nc6 5.O-O d6 
6.Bb5 Bd7 7.Bxc6 bxc6 8.Re1 Ne7 9.e5 d5 10.d4 Nf5 
11.Be3 Nxe3 12.Qxe3 Qb6 13.b3 Be7 14.Nc3 cxd4 
15.Nxd4 c5 16.Nxd5 cxd4 17.Nxb6 dxe3 18.Nxa8 exf2+ 
19.Kxf2 Bc5+ 20.Ke2 Kd8 21.Red1 Kc8 22.Rd3 Bb5 
23.c4 Bc6 24.Rad1 Bxa8 25.R3d7 Rf8 26.b4 Bc6 
27.R7d3 Bxb4 28.Rg3 g6 29.Ke3 Kc7 30.Kf4 h6 31.h4 
Be7 32.h5 g5+ 0-1

[Event "HCL-B001"]
[Site "www.playchess.de"]
[Date "2000.06.27"]
[Round "10"]
[White "JurChess"]
[Black "IBAC"]
[WhiteElo "1500"]
[BlackElo "1500"]
[PlyCount "44"]
[Result "1-0"]

1.e4 c5 2.c3 d6 3.d4 Qa5 4.Nf3 cxd4 5.Nxd4 Nc6 
6.b4 Qd8 7.Bb5 Bd7 8.O-O Nxd4 9.Bxd7+ Qxd7 10.cxd4 
e6 11.Nc3 Ne7 12.d5 e5 13.f4 Ng6 14.f5 Ne7 15.Be3 
b6 16.Qd3 f6 17.Rac1 g5 18.fxg6 e.p 19.Ng8 Nb5 
20.Rc8 Rxc8+ 21.Qxc8 Nxd6+ 22.Bxd6 
g7 1-0

[Event "HCL-C002"]
[Site "www.playchess.de"]
[Date "2000.06.27"]
[Round "4"]
[White "Mother_Teresa"]
[Black "PDelaquess"]
[WhiteElo "1000"]
[BlackElo "1000"]
[PlyCount "54"]
[Result "0-1"]

1.e4 e5 2.Nf3 Nc6 3.Bb5 a6 4.Ba4 Nf6 5.d3 d6 6.Bg5 
Be7 7.O-O O-O 8.Nc3 Be6 9.Nd5 Nxd5 10.Bxe7 Ndxe7 
11.Ng5 d5 12.Nxe6 fxe6 13.Qg4 Qd6 14.h4 Rf4 15.Qe2 
b5 16.Bb3 Nd4 17.Qd2 dxe4 18.c3 Nxb3 19.axb3 Rxh4 
20.Qg5 Rh6 21.dxe4 Ng6 22.Rad1 Qe7 23.Qxe7 Nxe7 
24.Rd7 Ng6 25.Rxc7 Nf4 26.f3 Rd8 27.Ra7 
Rd2 0-1

[Event "HCL-B001"]
[Site "www.playchess.de"]
[Date "2000.06.29"]
[Round "9"]
[White "IBAC"]
[Black "Cole"]
[WhiteElo "1500"]
[BlackElo "1200"]
[PlyCount "31"]
[Result "1-0"]

1.d4 d5 2.c4 dxc4 3.Nf3 Bg4 4.e3 Bxf3 5.Qxf3 c6 
6.Bxc4 b5 7.Bxf7+ Kd7 8.Bd2 a5 9.Nc3 Na6 10.Nxb5 
cxb5 11.Qd5+ Kc8 12.Rc1+ Nc7 13.Qxa8+ Kd7 14.Qxd8+ 
Kxd8 15.Bxa5 Nf6 16.Rxc7 1-0

[Event "HCL-C001"]
[Site "www.playchess.de"]
[Date "2000.06.29"]
[Round "2"]
[White "chipc"]
[Black "Mother_Teresa"]
[WhiteElo "1000"]
[BlackElo "1000"]
[PlyCount "130"]
[Result "0-1"]

1.e4 e5 2.Nf3 Nc6 3.Bc4 Nf6 4.Ng5 d5 5.Bb5 Nxe4 
6.h4 Nxg5 7.hxg5 Qxg5 8.g3 e4 9.d3 Qg4 10.Qxg4 
Bxg4 11.Be3 Bb4+ 12.c3 Ba5 13.Nd2 Bf5 14.Rh5 g6 
15.Rh4 Bb6 16.Bd4 Bxd4 17.cxd4 O-O 18.g4 Be6 
19.dxe4 Nxd4 20.Bd3 dxe4 21.Nxe4 Nf3+ 22.Ke2 Nxh4 
23.Rh1 Bxg4+ 24.Kf1 Nf3 25.Nf6+ Kg7 26.Nxg4 Rad8 
27.Be2 Nd2+ 28.Kg2 h5 29.Ne5 Rde8 30.Nd7 Rxe2 
31.Nxf8 Kxf8 32.Rh4 Re4 33.Rh3 Rg4+ 34.Kh1 Kg7 
35.Rd3 Nc4 36.Rd7 Nxb2 37.Rxc7 Rb4 38.Rc2 a5 39.a3 
Rb3 40.Kg2 b5 41.f3 Kh6 42.Kg3 a4 43.Kf4 Nc4 
44.Ra2 Nxa3 45.Ke4 h4 46.f4 f6 47.Rh2 Kh5 48.f5 
Rb4+ 49.Kd5 gxf5 50.Rd2 Nb1 51.Rd3 f4 52.Ke6 a3 
53.Kxf6 a2 54.Rd5+ Kg4 55.Rg5+ Kh3 56.Kf5 a1Q 
57.Rg4 Qd4 58.Rg6 Qd7+ 59.Re6 f3 60.Kf6 f2 61.Re3+ 
Kg2 62.Re7 f1Q+ 63.Kg5 Qxe7+ 64.Kh6 Qff6+ 65.Kh5 
Qee5+ 0-1

[Event "HCL-B001"]
[Site "www.playchess.de"]
[Date "2000.06.30"]
[Round "6"]
[White "Cole"]
[Black "JurChess"]
[WhiteElo "1200"]
[BlackElo "1500"]
[PlyCount "32"]
[Result "0-1"]

1.e4 e5 2.d4 exd4 3.Qxd4 Nc6 4.Qd3 Nf6 5.f4 d5 
6.e5 Ne4 7.Nd2 Nb4 8.Qb5+ Bd7 9.Qxb7 Nxc2+ 10.Kd1 
Nxa1 11.Nxe4 dxe4 12.Qxe4 Bf5+ 13.Qd3 Bxd3 14.Bxd3 
Qxd3+ 15.Bd2 Qf1+ 16.Be1 Rd8+ 0-1